The Last Word: Movie Genres II Quiz Stats

Quiz Updated Feb 3, 2018

Challenge
Share
Tweet
Embed
Score 0/36 Timer 04:00
0 Plays Today
Hint Answer % Correct
SportsOwn
98.2%
AnimationKing
95.2%
FamilyOff
95.2%
MusicalStory
95.2%
MusicalMia!
94.7%
ComedyHot
92.2%
WarLocker
91.3%
Sci-FiReport
89.7%
ComedyTap
87.1%
ComedyWanda
86.1%
BiographyNetwork
83.7%
WarJima
82.4%
Sci-Fi9
82.3%
RomanceRemember
81.5%
RomanceSummer
80.6%
SportsDucks
79.4%
BiographyDaughter
76.8%
AnimationDown
75.6%
Hint Answer % Correct
HorrorGrave
73.7%
CrimeAfternoon
73.2%
CrimeWay
72.9%
HorrorDamned
67.2%
Sci-FiGreen
67%
WesternWales
59.2%
FamilyMalone
56.5%
BiographyRose
52.9%
HorrorVampyre
51.2%
MusicalDark
48.6%
WarGlory
47.7%
RomanceState
41.1%
CrimeGod
38.1%
AnimationTotoro
27.4%
WesternJacks
16.4%
SportsVictory
14.6%
FamilyCherbourg
12.1%
WesternBreaks
11.8%

You're not logged in!

Compare scores with friends on all Sporcle quizzes.
Sign Up with Email
OR
Log In

You Might Also Like...

Show Comments

Extras

Top Quizzes Today


Score Distribution

Your Account Isn't Verified!

In order to create a playlist on Sporcle, you need to verify the email address you used during registration. Go to your Sporcle Settings to finish the process.

Report this User

Report this user for behavior that violates our Community Guidelines.

Details: